Works for violin /

Bibliographic Details
Main Author: Paganini, Nicolò, 1782-1840
Corporate Author: London Philharmonic Orchestra (Performer)
Other Authors: Accardo, Salvatore, 1941- (Performer), Dutoit, Charles (Conductor)
Format: CD Audio
Language:No linguistic content
Published: Hamburg : Deutsche Grammophon, [2000]
Subjects:

MARC

Tag First Indicator Second Indicator Subfields
LEADER 00000cjm a2200000Ia 4500
001 in00003522613
005 20151206125910.0
007 sd fungnn|||ed
008 020321p20001974gw munn hi n zxx d
024 1 |a 028946375426 
028 0 2 |a 463 754-2  |b Deutsche Grammophon 
028 0 0 |a 463 755-2--463 760-2  |b Deutsche Grammophon 
035 |a (OCoLC)ocm45456548 
035 |a (OCoLC)45456548 
040 |a CIN  |c CIN  |d OCLCQ  |d YUS  |d OCLCG  |d SINLB  |d OCLCQ  |d OCLCF  |d OCLCO  |d TXA  |d UtOrBLW 
041 0 |g eng  |g ger  |g fre 
047 |a ct  |a sn  |a vr 
049 |a TXAM 
050 4 |a M1012.P34  |b W67 2000 
082 0 4 |a 784.272  |2 22 
090 |a M1012.P2  |b W67 2000 
100 1 |a Paganini, Nicolò,  |d 1782-1840. 
240 1 0 |a Instrumental music.  |k Selections 
245 1 0 |a Works for violin /  |c Nicolò Paganini. 
246 1 |i Additional title on container:  |a Accardo plays Paganini 
264 1 |a Hamburg :  |b Deutsche Grammophon,  |c [2000] 
300 |a 6 sound discs :  |b digital ;  |c 4 3/4 cm. 
336 |a performed music  |b prm  |2 rdacontent 
337 |a audio  |b s  |2 rdamedia 
338 |a audio disc  |b sd  |2 rdacarrier 
500 |a Deutsche Grammophon: 463 754-2 (on discs: 463 755-2--463 760-2). 
500 |a For violin and orchestra, except where indicated. 
500 |a Title from container. 
511 0 |a Salvatore Accardo, violin ; London Philharmonic Orchestra ; Charles Dutoit, conductor. 
518 |a Recorded 1974-1978; all selections previously issued. 
500 |a Compact discs. 
500 |a "Collectors edition." 
500 |a The contents listings for discs 5 and 6 are reversed. 
500 |a Program notes in English, German, and French in container. 
505 0 |a [cd. 1] Concerto no. 1 in D major, op. 6 (37:44) -- Concerto no. 2 in B minor, op. 7 : La campanella (30:58). 
505 0 |a [cd. 2] Concerto no. 3 in E major (rev. Henryk Szeryng) (36:48) -- Concerto no. 4 in D minor (rev. Szeryng) (35:03). 
505 0 |a [cd. 3] Concerto no. 5 in A minor (orch. Federico Mompellio) (39:32) -- La primavera : sonata for violin & orchestra in A major (17:07) -- Maestosa sonata sentimentale (15:30). 
505 0 |a [cd. 4] Concerto in E minor, op. post. (no. 6) (orch. Mompellio) (40:10) -- Sonata con variazioni on a theme from "L'amor marinaro" by Joseph Weigl (9:47) -- Non più mesa accanto al fuoco : variations on a theme from "La Cenerentola" by Gioaccino Rossini (11:40) -- La streghe : op. 8, variations on a theme from "Il noce di Benevenuto" by Franz Xaver Süssmayr (9:48). 
505 0 |a [cd. 5] Sonata Napoleone [for violin solo] (9:22) -- I palpiti : introduction & variations on "Di tanti palpiti" from Tancredi by Gioacchino Rossini (11:25) -- Perpetuela (3:12) -- Nel cor più non mi sento : introduction & variations on a theme from "La molinara" by Giovanni Paisiello [for violin solo] (13:28) -- Duo merveille : sonata for solo violin in C major (2:53) -- Introduction & variations on "God save the King" : op. 9 [for violin solo] (6:46). 
505 0 |a [cd. 6] 24 capricci per violino solo, op. 1. 
500 |a Sound recording. 
650 0 |a Concertos (Violin) 
650 0 |a Violin with orchestra. 
650 0 |a Variations (Violin with orchestra) 
650 0 |a Violin music. 
650 0 |a Variations (Violin) 
650 7 |a Concertos (Violin)  |2 fast  |0 (OCoLC)fst00873990 
650 7 |a Variations (Violin)  |2 fast  |0 (OCoLC)fst01164422 
650 7 |a Variations (Violin with orchestra)  |2 fast  |0 (OCoLC)fst01164417 
650 7 |a Violin music.  |2 fast  |0 (OCoLC)fst01167443 
650 7 |a Violin with orchestra.  |2 fast  |0 (OCoLC)fst01167465 
700 1 |a Accardo, Salvatore,  |d 1941-  |e performer. 
700 1 |a Dutoit, Charles,  |e conductor. 
700 1 2 |a Paganini, Nicolò,  |d 1782-1840.  |t Concertos,  |m violin, orchestra. 
700 1 2 |a Paganini, Nicolò,  |d 1782-1840.  |t Primavera. 
700 1 2 |a Paganini, Nicolò,  |d 1782-1840.  |t Maestosa sonata sentimentale. 
700 1 2 |a Paganini, Nicolò,  |d 1782-1840.  |t Suonata con variazioni,  |m violin, orchestra,  |n M.S. 47. 
700 1 2 |a Paganini, Nicolò,  |d 1782-1840.  |t Non più mesta accanto al fuoco. 
700 1 2 |a Paganini, Nicolò,  |d 1782-1840.  |t Streghe. 
700 1 2 |a Paganini, Nicolò,  |d 1782-1840.  |t Napoléon. 
700 1 2 |a Paganini, Nicolò,  |d 1782-1840.  |t Palpiti. 
700 1 2 |a Paganini, Nicolò,  |d 1782-1840.  |t Sonata movimento perpetuo.  |p Perpetuela. 
700 1 2 |a Paganini, Nicolò,  |d 1782-1840.  |t Caprices,  |m violin,  |n M.S. 44,  |r G major. 
700 1 2 |a Paganini, Nicolò,  |d 1782-1840.  |t Sonatas,  |m violin,  |n M.S. 6,  |r C major. 
700 1 2 |a Paganini, Nicolò,  |d 1782-1840.  |t God save the King. 
700 1 2 |a Paganini, Nicolò,  |d 1782-1840.  |t Caprices,  |m violin,  |n M.S. 25. 
710 2 |a London Philharmonic Orchestra,  |e performer. 
948 |a cataloged  |b h  |c 2015/4/3  |d c  |e jolivare  |f 8:55:11 am 
994 |a C0  |b TXA 
999 |a MARS 
999 f f |s e391033c-cd33-386a-8aa7-48fecfdb63be  |i 1df8cb8f-c0a7-3958-9585-8296fa0e73ed  |t 0 
952 f f |p ric  |a Texas A&M University  |b Rellis Campus  |c Joint Library Facility  |d Remote Storage  |t 0  |e M1012.P2 W67 2000  |h Library of Congress classification  |i audio -- audio disc  |m A14843038168 
998 f f |a M1012.P2 W67 2000  |t 0  |l Remote Storage